000 00287nam a22001337a 4500
008 260424b ||||| |||| 00| 0 eng d
020 _a9789951064484
041 _aeng
080 _a496.51
100 _a34
101 _aPolitike
245 _aRugova
_cVehbi Miftari
942 _2udc
_cBK
999 _c60992
_d60992